| 000 | 00000nam 2200000za 4500 |
| 001 | 9.583514 |
| 003 | CaOODSP |
| 005 | 20210624192635 |
| 007 | cr ||||||||||| |
| 008 | 150406s2009 onc|||||o f|0| 0 fre d |
| 020 | |a978-0-662-06845-7 |
| 040 | |aCaOODSP|bfre |
| 041 | |aeng |
| 041 | |afre |
| 043 | |an-cn--- |
| 086 | 1 |aS52-2/269-PDF |
| 110 | 1 |aCanada.|bTravaux publics et Services gouvernementaux Canada.|bBureau de la traduction. |
| 245 | 10|aLexique du droit des sûretés (common law) |h[ressource électronique] / |cpublié par la Direction de la normalisation terminologique. |
| 260 | |aOttawa : |bTravaux publics et Services gouvernementaux Canada, |cc2009. |
| 300 | |a140 p. |
| 490 | 1 |aBulletin de terminologie ; |v269 |
| 504 | |aBibliographie. |
| 590 | |a10-32|b2010-08-13 |
| 691 | 07|aDictionnaire|2gcpds |
| 791 | |tLaw of security glossary (Common Law) |eeng|w(CaOODSP)9.583513 |
| 830 | #0|aBulletin de terminologie ;|v269|w(CaOODSP)9.500140 |
| 856 | 40|ahttp://publications.gc.ca|qPDF|s6.10 Mo|uhttps://publications.gc.ca/collections/collection_2010/tpsgc-pwgsc/S52-2-269.pdf |